00405nam a2200145 a 4500008004100000050001500041100002400056245004600080250001200126260004500138300003500183350000900218650000900227650002300236120416s1979 ||||||||||||||||| || u aHD 596 Bau aBaum, Andrew, 1953-14aThe Income approach to property valuation a2nd ed. aLondonbRoutledge and Kegan Paulc[1979] axii, 216 pages : illustrations a0.00 aLAND aPROPERTY VALUATION